Т. 92, № 12; Журнал физической химии

Bibliographic Details
Parent link:Журнал физической химии/ Российская академия наук ; Отделение химии и наук о материалах РАН. Т. 92, № 12.— , 1931-
Language:Russian
Published: 2018
Online Access:http://sciencejournals.ru/contents/fizkhim/2018/fizkhim11_18v92cont.pdf
https://elibrary.ru/contents.asp?id=36358423
Format: MixedMaterials Electronic Book
KOHA link:https://koha.lib.tpu.ru/cgi-bin/koha/opac-detail.pl?biblionumber=582981

MARC

LEADER 00000nam2a2200000 4500
001 582981
005 20231101130937.0
035 |a (RuTPU)RU\TPU\prd\283793 
035 |a RU\TPU\prd\281306 
090 |a 582981 
100 |a 20190409a19309999k y0rusy50 ca 
101 0 |a rus 
102 |a RU 
181 0 |a i  
182 0 |a b 
200 0 |a Т. 92, № 12  |b Электронный ресурс 
203 |a Текст  |c электронный 
210 |d 2018 
461 1 |0 (RuTPU)RU\TPU\prd\167  |t Журнал физической химии  |f Российская академия наук ; Отделение химии и наук о материалах РАН  |v Т. 92, № 12  |d 1931- 
801 0 |a RU  |b 63413507  |c 20010227  |g PSBO 
801 1 |a RU  |b 63413507  |c 20160309 
801 2 |a RU  |b 63413507  |c 20221219  |g RCR 
856 4 0 |u http://sciencejournals.ru/contents/fizkhim/2018/fizkhim11_18v92cont.pdf 
856 4 0 |u https://elibrary.ru/contents.asp?id=36358423 
942 |c BK